00784nam a2200229Ia 4500003000400000005001700004008004100021020001800062040000700080041000800087082002000095100003900115245008000154260003000234300001600264365001600280650002600296906008300322942001200405999001900417952011800436OSt20230516111842.0210423s2013 xx 000 0 und d a9780415690867 cAL aeng a664.07 DASN223 aDA SILVA (Neusely);others.9104985 aMicrobiological examination methods of food and water: a laboratory manual. aNew YorkbCRC Pressc2013 axvi,456bPB b7109.4cINR aFood Analysis9104986 aexamination ; food ; laboratory ; manual. ; methods ; Microbiological ; water: 2ddccBK c164823d164823 001040708FSTaSACPGbSACPGd2013-06-26g7109.40l0o664.07 DASNpPG011321r2022-08-24 00:00:00w2021-04-26yBK